[Event "AUT-ch Vor4 Internet"]
[Site "Playchess.com INT"]
[Date "2020.04.25"]
[Round "9"]
[White "Pilshofer, Paul"]
[Black "Belke, Frank"]
[Result "0-1"]
[WhiteElo "1715"]
[BlackElo "2273"]
[PlyCount "122"]
[EventDate "2020.04.25"]
[EventType "swiss (blitz)"]
[EventRounds "9"]
[EventCountry "AUT"]
[SourceTitle "EXT 2021"]
[Source "ChessBase"]
[SourceDate "2020.10.23"]
[SourceVersion "1"]
[SourceVersionDate "2020.10.23"]
[SourceQuality "1"]

1. d4 Nf6 2. Nf3 g6 3. g3 Bg7 4. Bg2 d5 5. 0-0 0-0 6. c4 dxc4 7. Qa4 c6 8. Qxc4 Be6 9. Qd3 Nbd7 10. Nc3 Nb6 11. Ne5 Nfd7 12. Nxd7 Qxd7 13. Be3 Rfd8 14. Rfd1 Nc4 15. Qc2 Nxe3 16. fxe3 Bh6 17. Qd3 Rac8 18. Ne4 b6 19. Qa6 Bxe3+ 20. Kh1 Bd5 21. Qd3 Bh6 22. e3 Qe6 23. Nc3 Bxg2+ 24. Kxg2 Qxe3 25. Qxe3 Bxe3 26. d5 cxd5 27. Nxd5 Bc5 28. Rac1 e6 29. Nf6+ Kg7 30. Nd7 Rc7 31. Nxc5 Rxc5 32. Rxd8 Rxc1 33. Rd7 Rc2+ 34. Kh3 Rxb2 35. Rxa7 h5 36. a3 Rb3 37. Ra4 g5 38. Kg2 Rb2+ 39. Kh1 Kg6 40. h3 f5 41. Rd4 Rb3 42. Rd6 Kf6 43. a4 Rxg3 44. Rxb6 Rxh3+ 45. Kg2 Ra3 46. Rb4 h4 47. Kh2 g4 48. Kg2 e5 49. Rb6+ Kg5 50. Rb4 h3+ 51. Kh2 Ra2+ 52. Kh1 g3 53. Rb1 Rxa4 54. Rg1 f4 55. Rf1 Kg4 56. Rg1 f3 57. Rf1 g2+ 58. Kh2 Kf4 59. Rf2 e4 60. Kg1 Ra1+ 61. Kh2 Rh1# 0-1

[Event "AUT-ch Vor3 Internet"]
[Site "Playchess.com INT"]
[Date "2020.04.17"]
[Round "5"]
[White "Belke, Frank"]
[Black "Peyrer, Konstantin"]
[Result "1-0"]
[WhiteElo "2273"]
[BlackElo "2286"]
[PlyCount "127"]
[EventDate "2020.04.17"]
[EventType "swiss (blitz)"]
[EventRounds "9"]
[EventCountry "AUT"]
[SourceTitle "CBM 195 Extra"]
[Source "ChessBase"]
[SourceDate "2020.05.31"]
[SourceVersion "1"]
[SourceVersionDate "2020.05.31"]
[SourceQuality "1"]

1. d4 Nf6 2. c4 e6 3. Nc3 c5 4. Nf3 b6 5. e4 cxd4 6. Nxd4 d6 7. Be2 Bb7 8. f3 Be7 9. 0-0 0-0 10. Be3 Nbd7 11. Rc1 a6 12. b3 Qc7 13. Qd2 Rac8 14. Rfd1 Rfd8 15. Bf1 Qb8 16. Qf2 Kh8 17. Rc2 Rg8 18. Rdc1 Bd8 19. b4 Bc7 20. g3 g5 21. Bg2 Rg6 22. Nb3 Rcg8 23. g4 h5 24. h3 Ba8 25. Kf1 hxg4 26. hxg4 Qf8 27. Ke2 Rh6 28. Rg1 Ne5 29. Nd2 d5 30. cxd5 exd5 31. Nxd5 Nxd5 32. exd5 Bd6 33. a3 Qe8 34. Bf1 Qa4 35. Rc3 Bxd5 36. Bd4 f6 37. Re3 Nc4 38. Nxc4 Bxc4+ 39. Ke1 a5 40. Bxc4 Rc8 41. Qe2 axb4 42. Kf2 bxa3 43. Rc3 b5 44. Qe6 Rf8 45. Qxd6 Qa8 46. Bd5 Qe8 47. Qe6 Rh2+ 48. Rg2 Rxg2+ 49. Kxg2 Qxe6 50. Bxe6 b4 51. Rb3 Re8 52. Bxf6+ Kh7 53. Bf5+ Kh6 54. Rxb4 a2 55. Ra4 Re2+ 56. Kg3 Re1 57. Ra8 Rg1+ 58. Kf2 Rf1+ 59. Ke3 Re1+ 60. Kd3 Rd1+ 61. Kc2 Rc1+ 62. Kb2 Rc2+ 63. Kxc2 a1Q 64. Rh8# 1-0

[Event "AUT-ch Vor3 Internet"]
[Site "Playchess.com INT"]
[Date "2020.04.17"]
[Round "8"]
[White "Froewis, Georg"]
[Black "Belke, Frank"]
[Result "1-0"]
[WhiteElo "2457"]
[BlackElo "2273"]
[PlyCount "89"]
[EventDate "2020.04.17"]
[EventType "swiss (blitz)"]
[EventRounds "9"]
[EventCountry "AUT"]
[SourceTitle "CBM 195 Extra"]
[Source "ChessBase"]
[SourceDate "2020.05.31"]
[SourceVersion "1"]
[SourceVersionDate "2020.05.31"]
[SourceQuality "1"]

1. Nf3 Nf6 2. c4 g6 3. Nc3 d5 4. cxd5 Nxd5 5. Qb3 c6 6. e4 Nb6 7. d4 Bg7 8. Be3 0-0 9. Be2 Be6 10. Qc2 Bc4 11. h4 N8d7 12. h5 Nf6 13. hxg6 hxg6 14. 0-0-0 Ng4 15. e5 Nxe3 16. fxe3 Qd7 17. Rh4 Bxe2 18. Qxe2 Qe6 19. g4 Qc4 20. Qh2 f6 21. Rh1 Kf7 22. Qf2 Kg8 23. Qc2 Kf7 24. Nd2 Qb4 25. a3 Qa5 26. Nb3 Qa6 27. e6+ Ke8 28. Qxg6+ Kd8 29. Qxg7 Re8 30. Rh8 Kc7 31. Rxe8 Rxe8 32. Qg6 Qc4 33. Nd2 Qxe6 34. Qxe8 Qxe3 35. Nce4 Nd5 36. Qh8 Qxd4 37. Qh3 Ne3 38. Re1 Nd5 39. Qb3 a5 40. Qc2 a4 41. Kb1 Nf4 42. Rc1 Nd3 43. Rd1 Ne5 44. Nf3 Qc4 45. Nxe5 1-0

[Event "AUT-ch Vor3 Internet"]
[Site "Playchess.com INT"]
[Date "2020.04.17"]
[Round "3"]
[White "Hofer, Maximilian"]
[Black "Belke, Frank"]
[Result "0-1"]
[WhiteElo "2108"]
[BlackElo "2273"]
[PlyCount "84"]
[EventDate "2020.04.17"]
[EventType "swiss (blitz)"]
[EventRounds "9"]
[EventCountry "AUT"]
[SourceTitle "CBM 195 Extra"]
[Source "ChessBase"]
[SourceDate "2020.05.31"]
[SourceVersion "1"]
[SourceVersionDate "2020.05.31"]
[SourceQuality "1"]

1. e4 e6 2. Nf3 d5 3. e5 c5 4. b4 cxb4 5. a3 Nc6 6. axb4 Bxb4 7. c3 Be7 8. d4 a6 9. Bd3 Bd7 10. 0-0 Na5 11. Nfd2 Nh6 12. f4 Nf5 13. Nf3 Nc4 14. Qe2 Bb5 15. g4 Nh6 16. h3 Rc8 17. Nbd2 Qd7 18. Rb1 g6 19. Rf2 Ng8 20. Nf1 h5 21. f5 hxg4 22. hxg4 gxf5 23. gxf5 Nh6 24. f6 Bf8 25. Rh2 Rg8+ 26. Kh1 Nf5 27. Nh4 Nxh4 28. Rxh4 Kd8 29. Rh2 Kc7 30. Bxc4 dxc4 31. Ne3 Bc6+ 32. Ng2 Qd5 33. Be3 Kb8 34. Qb2 Rg6 35. Qf2 Ba3 36. Kg1 Rcg8 37. Kf1 Rxg2 38. Rxg2 Rxg2 39. Qh4 Qf3+ 40. Bf2 Be4 41. Qh8+ Ka7 42. d5+ Qxf2# 0-1